000 00792nam a22002537a 4500
001 BR6600162
003 BR-BrBNA
005 20230928083437.0
007 ta
008 230509b bl.||||| |||| 00| 0 por d
040 _aBR-BrBNA
_bpor
_cBiblioteca Nacional de Agricultura
041 _a(Por)
072 _aE30
_b/G514
090 _ E30 BR6600162
110 1 _aMinisterio da Agricultura, Rio de Janeiro, GB (Brasil)
_96904
245 1 _aFundo Federal Agropecuario. Projetos nacionais, regionais e locais, periodo: 1966 (janeiro a julho)[Brasil]
260 3 _aRio de Janeiro, GB (Brasil):
_c1966.
300 _a26 p.
500 _aNumerical data
650 _aProjeto de desenvolvimento
650 _aDesenvolvimento agricola
909 _a202309
_bLucia
_c55
_dLucia Elande
942 _cBK
999 _c13500
_d13500